[Event "SVK-chT3B2 2122"]
[Site "Slovakia"]
[Date "2022.03.13"]
[Round "6.1"]
[White "Lovas, Miroslav"]
[Black "Rucek, Kristian"]
[Result "1/2-1/2"]
[WhiteElo "1997"]
[BlackElo "2128"]
[PlyCount "99"]
[EventDate "2021.10.24"]
[EventType "team-tourn"]
[EventRounds "11"]
[EventCountry "SVK"]
[SourceTitle "EXT 2024"]
[Source "ChessBase"]
[SourceDate "2023.10.10"]
[SourceVersion "1"]
[SourceVersionDate "2023.10.10"]
[SourceQuality "1"]
[WhiteTeam "Chynorany"]
[BlackTeam "Belusa II"]
[WhiteTeamCountry "SVK"]
[BlackTeamCountry "SVK"]

1. e4 c5 2. Nc3 Nc6 3. g3 g6 4. Bg2 Bg7 5. d3 e6 6. Be3 d6 7. Qd2 Nge7 8. Bh6 0-0 9. h4 f6 10. Bxg7 Kxg7 11. Nge2 Nd4 12. Nd1 Nxe2 13. Qxe2 d5 14. e5 Nc6 15. exf6+ Qxf6 16. c3 d4 17. Bxc6 bxc6 18. f4 e5 19. fxe5 Qf3 20. Rg1 Qxe2+ 21. Kxe2 Bg4+ 22. Kd2 Rae8 23. Re1 Rf5 24. cxd4 cxd4 25. Re4 h5 26. Rxd4 Rexe5 27. Re4 Kf6 28. Ne3 Rf2+ 29. Kc3 Rxe4 30. dxe4 Ke5 31. Nc4+ Kxe4 32. Nd2+ Ke3 33. Nc4+ Kf3 34. Ne5+ Kxg3 35. Nxg6 Re2 36. Rg1+ Kf2 37. Rh1 Re3+ 38. Kd4 Re8 39. Rc1 Re6 40. Nf4 Rf6 41. Ke4 Bf3+ 42. Ke5 Rf7 43. Rc3 Re7+ 44. Kf5 Rf7+ 45. Kg5 Rg7+ 46. Kf6 Rd7 47. Kg5 Rd2 48. Nh3+ Kg2 49. Nf4+ Kf2 50. Nh3+ 1/2-1/2

[Event "SVK-chT3B2 2122"]
[Site "Slovakia"]
[Date "2022.02.27"]
[Round "5.1"]
[White "Motuz, Karol"]
[Black "Lovas, Miroslav"]
[Result "1-0"]
[WhiteElo "2306"]
[BlackElo "1997"]
[PlyCount "57"]
[EventDate "2021.10.24"]
[EventType "team-tourn"]
[EventRounds "11"]
[EventCountry "SVK"]
[SourceTitle "EXT 2023"]
[Source "ChessBase"]
[SourceDate "2022.10.05"]
[SourceVersion "1"]
[SourceVersionDate "2022.10.05"]
[SourceQuality "1"]
[WhiteTeam "Puchov Vcielka"]
[BlackTeam "Chynorany"]
[WhiteTeamCountry "SVK"]
[BlackTeamCountry "SVK"]

1. d4 Nf6 2. c4 e6 3. Nc3 Bb4 4. Qc2 Nc6 5. Nf3 0-0 6. Bg5 h6 7. Bh4 g5 8. Bg3 g4 9. Nh4 Nxd4 10. Qd2 Nc6 11. f3 Kg7 12. 0-0-0 Be7 13. Bf2 d6 14. g3 Nd7 15. f4 f5 16. h3 Bxh4 17. gxh4 h5 18. hxg4 hxg4 19. h5 Qe8 20. Nb5 Qd8 21. Bh4 Nf6 22. Bg2 a6 23. Nc3 Qe8 24. e4 Nxh5 25. Bg5 Rh8 26. exf5 exf5 27. Nd5 Qf7 28. Qc3+ Kh7 29. Rxh5+ 1-0

[Event "SVK-chT3B2 1920"]
[Site "Slovakia"]
[Date "2019.11.24"]
[Round "4.1"]
[White "Kaniansky, Miroslav"]
[Black "Lovas, Miroslav"]
[Result "1-0"]
[WhiteElo "2091"]
[BlackElo "2027"]
[PlyCount "79"]
[EventDate "2019.10.06"]
[EventType "team-tourn"]
[EventRounds "11"]
[EventCountry "SVK"]
[SourceTitle "CBM 193 Extra"]
[Source "ChessBase"]
[SourceDate "2020.01.31"]
[SourceVersion "1"]
[SourceVersionDate "2020.01.31"]
[SourceQuality "1"]
[WhiteTeam "Handlova"]
[BlackTeam "Chynorany"]
[WhiteTeamCountry "SVK"]
[BlackTeamCountry "SVK"]

1. d4 Nf6 2. Nf3 g6 3. c4 d6 4. Nc3 Bg7 5. e4 Nc6 6. d5 Nb8 7. Be3 e5 8. h3 a5 9. c5 0-0 10. cxd6 cxd6 11. Nd2 Ne8 12. Nc4 Nd7 13. Qb3 f5 14. f3 a4 15. Qb4 Ndf6 16. Nb6 Rb8 17. Qxa4 fxe4 18. fxe4 Bh6 19. Bxh6 Qxb6 20. Qb5 Qa7 21. Bxf8 Bd7 22. Qd3 Kxf8 23. Qd2 b5 24. Bd3 Kg7 25. Qf2 Qb7 26. 0-0 b4 27. Nd1 Ra8 28. Ne3 Bc8 29. Nc4 Qe7 30. Nb6 Rb8 31. Rac1 Qd8 32. Nxc8 Rxc8 33. Rxc8 Qxc8 34. Bb5 Qc5 35. Qxc5 dxc5 36. Bxe8 Nxe8 37. Rc1 Nd6 38. Rxc5 Nxe4 39. Rc4 Nf6 40. Rxb4 1-0

[Event "SVK-chT3B2 1819"]
[Site "Slovakia"]
[Date "2018.11.25"]
[Round "3.1"]
[White "Slotik, Igor"]
[Black "Lovas, Miroslav"]
[Result "1/2-1/2"]
[WhiteElo "1963"]
[BlackElo "2037"]
[PlyCount "34"]
[EventDate "2018.10.21"]
[EventType "team-tourn"]
[EventRounds "11"]
[EventCountry "SVK"]
[SourceTitle "CBM 189 Extra"]
[Source "ChessBase"]
[SourceDate "2019.06.03"]
[SourceVersion "1"]
[SourceVersionDate "2019.06.03"]
[SourceQuality "1"]
[WhiteTeam "Dubnica nad Vahom IV"]
[BlackTeam "Chynorany"]
[WhiteTeamCountry "SVK"]
[BlackTeamCountry "SVK"]

1. e4 e5 2. Nf3 Nf6 3. Nxe5 d6 4. Nd3 Nxe4 5. Qe2 Qe7 6. Nf4 Nf6 7. Nc3 c6 8. d4 Qxe2+ 9. Bxe2 Bf5 10. Bd3 Bxd3 11. Nxd3 Be7 12. 0-0 0-0 13. Re1 Re8 14. Bg5 Nbd7 15. Re2 Bf8 16. Rae1 Rxe2 17. Rxe2 Re8 1/2-1/2

[Event "SVK-chT3B2 1819"]
[Site "Slovakia"]
[Date "2018.10.21"]
[Round "1.1"]
[White "Reisel, Frantisek"]
[Black "Lovas, Miroslav"]
[Result "0-1"]
[WhiteElo "1923"]
[BlackElo "2037"]
[PlyCount "102"]
[EventDate "2018.10.21"]
[EventType "team-tourn"]
[EventRounds "11"]
[EventCountry "SVK"]
[SourceTitle "CBM 189 Extra"]
[Source "ChessBase"]
[SourceDate "2019.06.03"]
[SourceVersion "1"]
[SourceVersionDate "2019.06.03"]
[SourceQuality "1"]
[WhiteTeam "Lehota pod Vtacnikom"]
[BlackTeam "Chynorany"]
[WhiteTeamCountry "SVK"]
[BlackTeamCountry "SVK"]

1. d4 Nf6 2. Bf4 d6 3. c4 Nbd7 4. Nc3 e5 5. Bg3 Nh5 6. e3 Nxg3 7. hxg3 g6 8. Bd3 Bg7 9. Nge2 0-0 10. Qc2 Re8 11. 0-0-0 Nf8 12. d5 c5 13. Kb1 a6 14. f3 Bd7 15. e4 Qa5 16. Nc1 b5 17. Rd2 Reb8 18. Nb3 Qb6 19. Nd1 Be8 20. g4 Bf6 21. g3 a5 22. cxb5 Bxb5 23. Bxb5 Qxb5 24. Nc3 Qb4 25. Nc1 a4 26. Nd3 Qa5 27. a3 Ra7 28. Ka2 Qa6 29. Ne2 Bd8 30. Rc1 Nd7 31. Qc4 Qa5 32. Nc3 Nb6 33. Qb5 Qxb5 34. Nxb5 Rd7 35. Nc3 c4 36. Nb4 Bg5 37. Rcc2 Bxd2 38. Rxd2 Kg7 39. f4 Re8 40. Rf2 h6 41. Nc2 f6 42. Ne3 Rde7 43. Rc2 exf4 44. gxf4 Rxe4 45. Ng2 g5 46. Nxe4 Rxe4 47. Rd2 Kf7 48. Kb1 Ke7 49. Kc2 Kd7 50. Kc3 Kc7 51. fxg5 fxg5 0-1

[Event "SVK-chT3B2 1718"]
[Site "Slovakia"]
[Date "2017.12.17"]
[Round "6.1"]
[White "Lovas, Miroslav"]
[Black "Kaniansky, Miroslav"]
[Result "0-1"]
[WhiteElo "2047"]
[BlackElo "2123"]
[PlyCount "65"]
[EventDate "2017.10.08"]
[EventType "team-tourn"]
[EventRounds "11"]
[EventCountry "SVK"]
[SourceTitle "EXT 2019"]
[Source "ChessBase"]
[SourceDate "2018.10.10"]
[SourceVersion "1"]
[SourceVersionDate "2018.10.10"]
[SourceQuality "1"]
[WhiteTeam "Chynorany"]
[BlackTeam "Handlova"]
[WhiteTeamCountry "SVK"]
[BlackTeamCountry "SVK"]

1. d4 d5 2. Nf3 c6 3. Nc3 Nf6 4. Bf4 Bf5 5. Nh4 e6 6. Nxf5 exf5 7. Qd3 g6 8. Qe3+ Be7 9. f3 0-0 10. 0-0-0 Nbd7 11. h3 Re8 12. Qd3 Nh5 13. Bh2 Bg5+ 14. Kb1 Re3 15. Qd2 Rxf3 16. Qe1 Re3 17. g4 fxg4 18. hxg4 Nhf6 19. Bg1 Re7 20. Qg3 Qb8 21. Qf3 Qf4 22. Bh3 Rae8 23. Bf2 Ne4 24. Nxe4 Qxe4 25. Qg3 Qf4 26. Qxf4 Bxf4 27. Bf1 Nf6 28. Rg1 Bg5 29. Bg3 Re4 30. Be5 Rxg4 31. Bh3 Rxg1 32. Rxg1 Ne4 33. Bg2 0-1

[Event "SVK-chT3B2 1617"]
[Site "Slovakia"]
[Date "2016.12.18"]
[Round "5.2"]
[White "Lovas, Miroslav"]
[Black "Krisko, Milan"]
[Result "1-0"]
[WhiteElo "2043"]
[BlackElo "1793"]
[PlyCount "39"]
[EventDate "2016.10.16"]
[EventType "team-tourn"]
[EventRounds "11"]
[EventCountry "SVK"]
[SourceTitle "EXT 2018"]
[Source "ChessBase"]
[SourceDate "2017.10.13"]
[SourceVersion "1"]
[SourceVersionDate "2017.10.13"]
[SourceQuality "1"]
[WhiteTeam "Chynorany"]
[BlackTeam "Handlova"]
[WhiteTeamCountry "SVK"]
[BlackTeamCountry "SVK"]

1. e4 e5 2. Nf3 Nc6 3. d4 exd4 4. Bc4 d6 5. Nxd4 Ne5 6. Bb3 Nf6 7. Nc3 Bd7 8. Bg5 Be7 9. 0-0 Nc6 10. Qd2 h6 11. Bf4 0-0 12. Rad1 Re8 13. Nxc6 Bxc6 14. Rfe1 Qd7 15. Bxh6 Nxe4 16. Nxe4 Qg4 17. f3 Qg6 18. Bf4 Bf6 19. Nxf6+ Qxf6 20. c3 1-0

[Event "SVK-chT3B2 1617"]
[Site "Slovakia"]
[Date "2016.11.27"]
[Round "4.2"]
[White "Struhar, Jan"]
[Black "Lovas, Miroslav"]
[Result "1-0"]
[WhiteElo "2099"]
[BlackElo "2043"]
[PlyCount "133"]
[EventDate "2016.10.16"]
[EventType "team-tourn"]
[EventRounds "11"]
[EventCountry "SVK"]
[SourceTitle "EXT 2018"]
[Source "ChessBase"]
[SourceDate "2017.10.13"]
[SourceVersion "1"]
[SourceVersionDate "2017.10.13"]
[SourceQuality "1"]
[WhiteTeam "Nemsova Horne Srnie"]
[BlackTeam "Chynorany"]
[WhiteTeamCountry "SVK"]
[BlackTeamCountry "SVK"]

1. e4 e5 2. Nf3 Nf6 3. Nxe5 d6 4. Nf3 Nxe4 5. d4 d5 6. Bd3 Nc6 7. 0-0 Be7 8. Nc3 Nxc3 9. bxc3 Be6 10. Re1 0-0 11. Bf4 Bg4 12. h3 Bh5 13. g4 Bg6 14. Qd2 Bd6 15. Rab1 b6 16. Ne5 Nxe5 17. Bxe5 f6 18. Bf4 Qd7 19. Kg2 Rae8 20. Bg3 Bxg3 21. Kxg3 Bxd3 22. cxd3 f5 23. f4 fxg4 24. hxg4 h5 25. gxh5 Qf5 26. Rxe8 Rxe8 27. Re1 Qxh5 28. Re5 Qg6+ 29. Kf2 Rf8 30. Kf3 Qg1 31. Re1 Qg6 32. Rh1 Qf5 33. Rh4 Qg6 34. Rg4 Qh7 35. Kg3 Re8 36. Rg5 Qh1 37. Re5 Rf8 38. Qe3 Rf6 39. Rg5 Rf8 40. Qe6+ Kh8 41. Rg4 Qg1+ 42. Kh4 Qh2+ 43. Kg5 Qh6+ 44. Qxh6+ gxh6+ 45. Kxh6 Rf6+ 46. Kg5 Kg7 47. f5 Rc6 48. Kf4+ Kf7 49. Ke5 Rxc3 50. f6 Rxd3 51. Rg7+ Kf8 52. Rxc7 Ra3 53. Ke6 Re3+ 54. Kxd5 Ra3 55. Rc2 Rf3 56. Rc8+ Kf7 57. Rc7+ Kxf6 58. Rxa7 Rf2 59. Ra6 Rb2 60. a4 Rb4 61. a5 Rb5+ 62. Kc6 Rxa5 63. Rxa5 bxa5 64. d5 a4 65. d6 a3 66. d7 Ke7 67. Kc7 1-0

[Event "SVK-chT3B2 1617"]
[Site "Slovakia"]
[Date "2016.10.30"]
[Round "2.2"]
[White "Kucharek, Jaroslav"]
[Black "Lovas, Miroslav"]
[Result "1/2-1/2"]
[WhiteElo "2068"]
[BlackElo "2047"]
[PlyCount "41"]
[EventDate "2016.10.16"]
[EventType "team-tourn"]
[EventRounds "11"]
[EventCountry "SVK"]
[SourceTitle "CBM 175 Extra"]
[Source "ChessBase"]
[SourceDate "2016.12.12"]
[SourceVersion "1"]
[SourceVersionDate "2016.12.12"]
[SourceQuality "1"]
[WhiteTeam "Myjava Spartak"]
[BlackTeam "Chynorany"]
[WhiteTeamCountry "SVK"]
[BlackTeamCountry "SVK"]

1. d4 Nf6 2. c4 e6 3. g3 Bb4+ 4. Bd2 Qe7 5. Bg2 Nc6 6. Nf3 Bxd2+ 7. Nbxd2 d6 8. e4 e5 9. d5 Nb8 10. b4 a5 11. a3 Na6 12. 0-0 0-0 13. Qe2 Bd7 14. Rab1 axb4 15. axb4 c6 16. Rfc1 Rfc8 17. dxc6 bxc6 18. c5 dxc5 19. Nc4 Rcb8 20. bxc5 Qxc5 21. Ncxe5 1/2-1/2

[Event "SVK-chT3B2 1617"]
[Site "Slovakia"]
[Date "2016.10.16"]
[Round "1.2"]
[White "Lovas, Miroslav"]
[Black "Sliva, Frantisek"]
[Result "1-0"]
[WhiteElo "2047"]
[BlackElo "1800"]
[PlyCount "93"]
[EventDate "2016.10.16"]
[EventType "team-tourn"]
[EventRounds "11"]
[EventCountry "SVK"]
[SourceTitle "CBM 175 Extra"]
[Source "ChessBase"]
[SourceDate "2016.12.12"]
[SourceVersion "1"]
[SourceVersionDate "2016.12.12"]
[SourceQuality "1"]
[WhiteTeam "Chynorany"]
[BlackTeam "Dubnica nad Vahom III"]
[WhiteTeamCountry "SVK"]
[BlackTeamCountry "SVK"]

1. d4 Nf6 2. Nf3 g6 3. Bf4 Bg7 4. Nc3 c5 5. e3 cxd4 6. exd4 0-0 7. Be2 d6 8. Qd2 Re8 9. 0-0-0 Qa5 10. Bc4 Qd8 11. Ng5 d5 12. Be2 a6 13. h4 h5 14. Nf3 Nc6 15. Ne5 Bf5 16. f3 Nb4 17. Rdg1 Rc8 18. Bd1 Qa5 19. Kb1 Rxc3 20. Qxc3 Qxa2+ 21. Kc1 Qa5 22. Qa3 Na2+ 23. Kb1 Qxa3 24. bxa3 Nc3+ 25. Kb2 Rc8 26. Nd3 Nd7 27. Be3 Nb6 28. Kb3 a5 29. Nc5 Nxd1 30. Rxd1 Nc4 31. Bf2 a4+ 32. Nxa4 Bxc2+ 33. Kxc2 Ne3+ 34. Kd3 Nxd1 35. Rxd1 Ra8 36. Nc3 Rxa3 37. Rb1 Ra7 38. Nxd5 e6 39. Nc3 f5 40. Rb2 Kf7 41. Ra2 Rxa2 42. Nxa2 Ke7 43. Kc4 Kd7 44. Nb4 Bf6 45. Kb5 Be7 46. Nd3 Kc8 47. Nf4 1-0

[Event "SVK-chT2B 1516"]
[Site "Slovakia"]
[Date "2016.03.13"]
[Round "11.2"]
[White "Lovas, Miroslav"]
[Black "Kvassay, Peter"]
[Result "0-1"]
[WhiteElo "2060"]
[BlackElo "2041"]
[PlyCount "63"]
[EventDate "2015.10.17"]
[EventType "team-tourn"]
[EventRounds "11"]
[EventCountry "SVK"]
[SourceTitle "EXT 2019"]
[Source "ChessBase"]
[SourceDate "2018.10.10"]
[SourceVersion "1"]
[SourceVersionDate "2018.10.10"]
[SourceQuality "1"]
[WhiteTeam "Topolciansky CVC II"]
[BlackTeam "Povazska Bystrica SKS II"]
[WhiteTeamCountry "SVK"]
[BlackTeamCountry "SVK"]

1. d4 d5 2. c4 e6 3. Nf3 Nf6 4. e3 c5 5. cxd5 exd5 6. Nc3 Nc6 7. Bd3 Bd6 8. dxc5 Bxc5 9. 0-0 0-0 10. b3 Be6 11. Bb2 a6 12. Qe2 Rc8 13. Rfe1 Qe7 14. Rac1 Rfe8 15. h3 b5 16. e4 d4 17. Nd5 Bxd5 18. exd5 Qxe2 19. Rxe2 Nb4 20. Rxe8+ Nxe8 21. Bb1 Nd6 22. Nxd4 Nxd5 23. a3 h6 24. Nf5 Nxf5 25. Bxf5 Rc7 26. Be5 Bxf2+ 27. Kxf2 Rxc1 28. Be4 Nc3 29. Bb7 Rc2+ 30. Kf3 a5 31. Bc6 f6 32. Bxc3 0-1

[Event "SVK-chT3B2 1516"]
[Site "Slovakia"]
[Date "2016.03.06"]
[Round "9.2"]
[White "Lovas, Miroslav"]
[Black "Bombek, Peter"]
[Result "0-1"]
[WhiteElo "2062"]
[BlackElo "2204"]
[PlyCount "188"]
[EventDate "2015.10.11"]
[EventType "team-tourn"]
[EventRounds "11"]
[EventCountry "SVK"]
[SourceTitle "EXT 2017"]
[Source "ChessBase"]
[SourceDate "2016.10.25"]
[SourceVersion "1"]
[SourceVersionDate "2016.10.25"]
[SourceQuality "1"]
[WhiteTeam "Chynorany"]
[BlackTeam "Dubnica nad Vahom III"]
[WhiteTeamCountry "SVK"]
[BlackTeamCountry "SVK"]

1. d4 d5 2. Nf3 Nf6 3. e3 c5 4. b3 Nc6 5. Bd3 Bg4 6. Bb2 e6 7. a3 Be7 8. Nbd2 0-0 9. 0-0 a6 10. c4 dxc4 11. Nxc4 cxd4 12. exd4 Rc8 13. Nce5 Bh5 14. Rc1 Qd5 15. Nxc6 Rxc6 16. Rxc6 Qxc6 17. Ne5 Qd5 18. Qc2 Bg6 19. Nxg6 hxg6 20. Re1 Bd6 21. Rd1 Qh5 22. h3 Nd5 23. Qe2 Qg5 24. Qg4 Qxg4 25. hxg4 Rd8 26. Be4 Be7 27. Rc1 Bd6 28. Bf3 Kf8 29. g3 Ke7 30. Kf1 Kd7 31. Ke2 Be7 32. Kd3 f5 33. gxf5 gxf5 34. Bxd5 exd5 35. Rh1 Bf6 36. Bc1 Re8 37. f3 Rc8 38. Bd2 Rc6 39. Bc3 Be7 40. a4 Rg6 41. Rh3 Bd6 42. Be1 Bc7 43. Rh5 Ke6 44. Rh3 Kf7 45. Bf2 Rb6 46. Kc2 Rc6+ 47. Kb2 Re6 48. Rh2 Ba5 49. Bg1 Re1 50. Rg2 Rf1 51. Bf2 Bb4 52. f4 a5 53. Be3 Rf3 54. Bd2 Bxd2 55. Rxd2 Rxg3 56. Rc2 g5 57. fxg5 f4 58. Rf2 f3 59. Kc3 Kg6 60. Kd3 Kxg5 61. Ke3 Kg4 62. Rh2 f2+ 63. Kxf2 Rxb3 64. Rh7 Kf5 65. Re7 Rb4 66. Re5+ Kf4 67. Rxd5 b6 68. Rd6 Rb2+ 69. Ke1 Ke3 70. Kd1 Kd3 71. Kc1 Rb4 72. d5 Kc4 73. Kc2 Kc5 74. Rd8 Rxa4 75. d6 Rd4 76. Kc3 Rxd6 77. Rc8+ Kb5 78. Kb3 Rd3+ 79. Kc2 Rd5 80. Kb3 a4+ 81. Ka3 Rd3+ 82. Ka2 Kb4 83. Rc6 Rd2+ 84. Kb1 b5 85. Ka1 Kb3 86. Rc1 b4 87. Rb1+ Kc3 88. Rc1+ Rc2 89. Rf1 b3 90. Rf3+ Kb4 91. Rf1 Rd2 92. Rf4+ Kc3 93. Rf3+ Kc2 94. Rf2 b2+ 0-1

[Event "SVK-chT3B2 1516"]
[Site "Slovakia"]
[Date "2016.02.21"]
[Round "8.2"]
[White "Urbanic, Martin"]
[Black "Lovas, Miroslav"]
[Result "0-1"]
[WhiteElo "1969"]
[BlackElo "2062"]
[PlyCount "140"]
[EventDate "2015.10.11"]
[EventType "team-tourn"]
[EventRounds "11"]
[EventCountry "SVK"]
[SourceTitle "EXT 2017"]
[Source "ChessBase"]
[SourceDate "2016.10.25"]
[SourceVersion "1"]
[SourceVersionDate "2016.10.25"]
[SourceQuality "1"]
[WhiteTeam "Povazska Bystrica III"]
[BlackTeam "Chynorany"]
[WhiteTeamCountry "SVK"]
[BlackTeamCountry "SVK"]

1. e4 e5 2. Nf3 Nf6 3. Nxe5 d6 4. Nf3 Nxe4 5. d4 d5 6. Bd3 Nc6 7. 0-0 Be7 8. Bf4 0-0 9. Re1 Bg4 10. Bxe4 dxe4 11. Rxe4 f5 12. Re1 Bxf3 13. Qxf3 Nxd4 14. Qd3 Kh8 15. Nc3 Bf6 16. Rad1 Qd7 17. Qc4 c6 18. Be3 c5 19. Qxc5 Rfd8 20. Bxd4 Bxd4 21. Qb4 Bxc3 22. Rxd7 Bxb4 23. Red1 Ba5 24. Kf1 Kg8 25. Ke2 Rxd7 26. Rxd7 Rc8 27. c3 Rc7 28. Rd5 Bb6 29. a4 Re7+ 30. Kf3 g6 31. c4 Bc7 32. b4 Kf7 33. c5 Ke8 34. b5 Re4 35. b6 axb6 36. cxb6 Bxb6 37. Rb5 Bd8 38. Rxb7 Re7 39. Rb4 Ra7 40. g4 Be7 41. Rc4 Ra5 42. h3 Kf7 43. Kg3 Rd5 44. gxf5 Rxf5 45. f3 Bd6+ 46. Kf2 Ke6 47. Rh4 h5 48. Re4+ Kf7 49. Re2 Ra5 50. Re4 Rf5 51. Re2 Bb4 52. Re4 Bc5+ 53. Kg3 Kf6 54. Rc4 Bd6+ 55. Kf2 Kg5 56. Rc6 Bf4 57. h4+ Kh6 58. Rc4 Bd2 59. Rd4 Ba5 60. Rc4 Bb6+ 61. Kg2 Rc5 62. Rb4 Rc2+ 63. Kf1 Rf2+ 64. Ke1 Ba5 65. Kxf2 Bxb4 66. Ke3 Kg7 67. Ke4 Kf6 68. Kf4 Be1 69. Ke3 Kf5 70. Ke2 Bxh4 0-1

[Event "SVK-chT3B2 1213"]
[Site "Slovakia"]
[Date "2013.01.13"]
[Round "5.2"]
[White "Lovas, Miroslav"]
[Black "Sunal, Jan"]
[Result "1-0"]
[WhiteElo "2070"]
[BlackElo "1877"]
[PlyCount "106"]
[EventDate "2012.10.28"]
[EventType "team-tourn"]
[EventRounds "14"]
[EventCountry "SVK"]
[SourceTitle "EXT 2022"]
[Source "ChessBase"]
[SourceDate "2021.10.06"]
[SourceVersion "1"]
[SourceVersionDate "2021.10.06"]
[SourceQuality "1"]
[WhiteTeam "Prievidza SK III"]
[BlackTeam "Lehota pod Vtacnikom"]
[WhiteTeamCountry "SVK"]
[BlackTeamCountry "SVK"]

1. e4 e5 2. Nf3 Nc6 3. d4 exd4 4. Bc4 Nf6 5. e5 d5 6. Bb5 Ne4 7. Nxd4 Bd7 8. Bxc6 bxc6 9. 0-0 Be7 10. f3 Ng5 11. f4 Ne4 12. Nd2 Nxd2 13. Bxd2 c5 14. Ne2 Bg4 15. h3 Bf5 16. Ng3 Qd7 17. Nh5 0-0 18. g4 Be4 19. Ng3 Qa4 20. c3 Qxd1 21. Raxd1 Bd3 22. Rfe1 Bh4 23. Re3 Bxg3 24. Rxg3 c4 25. Rxd3 cxd3 26. Be3 a6 27. Rxd3 c6 28. Bc5 Rfe8 29. Bd6 Rad8 30. Rd4 f6 31. Ra4 fxe5 32. fxe5 Rxd6 33. exd6 Rd8 34. Rxa6 Rxd6 35. b4 d4 36. cxd4 Rxd4 37. a3 Rd3 38. Kg2 Rc3 39. h4 h6 40. g5 hxg5 41. hxg5 Kh7 42. Kf2 Rb3 43. Ke2 Kg6 44. Ra5 Kh5 45. Kd2 g6 46. Kc2 Rf3 47. a4 Rf4 48. Kc3 Rf3+ 49. Kc4 Rf4+ 50. Kc5 Kg4 51. Ra6 Kxg5 52. Rxc6 Rf8 53. a5 Kf4 1-0

[Event "SVK-chT2B 1112"]
[Site "Slovakia"]
[Date "2011.12.03"]
[Round "5.1"]
[White "Podhorsky, Martin"]
[Black "Lovas, Miroslav"]
[Result "1/2-1/2"]
[WhiteElo "1945"]
[BlackElo "2081"]
[PlyCount "95"]
[EventDate "2011.10.08"]
[EventType "team-tourn"]
[EventRounds "11"]
[EventCountry "SVK"]
[SourceTitle "EXT 2013"]
[Source "ChessBase"]
[SourceDate "2012.11.22"]
[SourceVersion "1"]
[SourceVersionDate "2012.11.22"]
[SourceQuality "1"]
[WhiteTeam "Topolcianky SK"]
[BlackTeam "Prievidza SK III"]
[WhiteTeamCountry "SVK"]
[BlackTeamCountry "SVK"]

1. e4 e5 2. Nf3 Nf6 3. Nc3 Bb4 4. Bc4 Nc6 5. d3 h6 6. 0-0 0-0 7. h3 Bxc3 8. bxc3 d5 9. exd5 Nxd5 10. Re1 Re8 11. Bd2 Qd6 12. Bxd5 Qxd5 13. c4 Qd6 14. Bc3 Bf5 15. Nh4 Bh7 16. Qg4 Nd4 17. Bxd4 Qxd4 18. Qxd4 exd4 19. Nf3 c5 20. Rab1 b6 21. Kf1 f6 22. Nd2 Kf7 23. f3 Rad8 24. Kf2 g5 25. g4 f5 26. Nf1 f4 27. Rxe8 Rxe8 28. Re1 Rd8 29. Nd2 Bg6 30. Ne4 Rd7 31. Re2 Rd8 32. Ke1 Kg7 33. Kd2 Be8 34. Nd6 Bc6 35. Ne4 Rd7 36. c3 Kf7 37. cxd4 Rxd4 38. Kc3 Rd7 39. h4 Kg6 40. h5+ Kf7 41. Re1 Rd4 42. Re2 Bxe4 43. Rxe4 Rxe4 44. dxe4 Ke6 45. Kb3 Kd6 46. a4 Ke6 47. Kc3 Kd6 48. Kb3 1/2-1/2

[Event "SVK-chT2B 1112"]
[Site "Slovakia"]
[Date "2011.11.06"]
[Round "4.1"]
[White "Lovas, Miroslav"]
[Black "Knotek, Anton"]
[Result "1/2-1/2"]
[WhiteElo "2081"]
[BlackElo "1893"]
[PlyCount "80"]
[EventDate "2011.10.08"]
[EventType "team-tourn"]
[EventRounds "11"]
[EventCountry "SVK"]
[SourceTitle "EXT 2013"]
[Source "ChessBase"]
[SourceDate "2012.11.22"]
[SourceVersion "1"]
[SourceVersionDate "2012.11.22"]
[SourceQuality "1"]
[WhiteTeam "Prievidza SK III"]
[BlackTeam "Nitra NSK"]
[WhiteTeamCountry "SVK"]
[BlackTeamCountry "SVK"]

1. e4 e5 2. Nf3 Nc6 3. d4 exd4 4. Bc4 Nf6 5. e5 d5 6. Bb5 Ne4 7. Nxd4 Bd7 8. Bxc6 bxc6 9. 0-0 Be7 10. f3 Nc5 11. Be3 0-0 12. Nd2 f6 13. f4 fxe5 14. fxe5 Ne6 15. c3 Bg5 16. Qe2 Bxe3+ 17. Qxe3 Qg5 18. Qxg5 Nxg5 19. h4 Ne6 20. N2b3 Rae8 21. Nxe6 Bxe6 22. Rae1 Rxf1+ 23. Kxf1 Kf7 24. Kf2 Rb8 25. Kg3 c5 26. Re2 Rb5 27. Rd2 d4 28. Nc1 dxc3 29. bxc3 c4 30. Ne2 Rxe5 31. Kf4 Rd5 32. Rb2 Rd7 33. Ke5 Bd5 34. Nf4 c6 35. Nxd5 Rxd5+ 36. Kf4 Rb5 37. Re2 Rd5 38. g4 Rd3 39. Rb2 Rxc3 40. Rb7+ Ke6 1/2-1/2

[Event "SVK-chT2B 10/11"]
[Site "Slovakia"]
[Date "2010.10.24"]
[Round "2.1"]
[White "Lovas, Miroslav"]
[Black "Nemeth, Eugen"]
[Result "1-0"]
[WhiteElo "2076"]
[BlackElo "1960"]
[PlyCount "81"]
[EventDate "2010.10.23"]
[EventType "team-tourn"]
[EventRounds "11"]
[EventCountry "SVK"]
[SourceTitle "EXT 2019"]
[Source "ChessBase"]
[SourceDate "2018.10.10"]
[SourceVersion "1"]
[SourceVersionDate "2018.10.10"]
[SourceQuality "1"]
[WhiteTeam "Partizanske SK Neomax"]
[BlackTeam "Nove Zamky Basta II"]
[WhiteTeamCountry "SVK"]
[BlackTeamCountry "SVK"]

1. e4 g6 2. d4 Bg7 3. Nf3 d6 4. h3 a6 5. a4 Nd7 6. Be3 e6 7. Nc3 b6 8. Bc4 Bb7 9. Ng5 h6 10. Nf3 Ne7 11. Qd2 Nf6 12. d5 Nxe4 13. Nxe4 exd5 14. Bd4 dxe4 15. Bxg7 Rh7 16. Bf6 exf3 17. 0-0-0 Qd7 18. Rhe1 0-0-0 19. Rxe7 Qxa4 20. Qc3 Qc6 21. Bxf7 Qxc3 22. bxc3 Kb8 23. g3 Rf8 24. Re8+ Rxe8 25. Bxe8 h5 26. Re1 Bc8 27. Bc6 Bxh3 28. Re7 Rxe7 29. Bxe7 Bg4 30. Be4 b5 31. Bxg6 Kc8 32. Be8 Kb7 33. Kb2 Kb6 34. Bd8 Kb7 35. Kb3 c5 36. Ba5 Be6+ 37. Ka3 Bg4 38. Kb2 Kc8 39. Bc6 Bf5 40. Bxf3 Bg6 41. Bc6 1-0

[Event "SVK-chT2B 10/11"]
[Site "Slovakia"]
[Date "2010.10.23"]
[Round "1.1"]
[White "Cvirik, Vladimir"]
[Black "Lovas, Miroslav"]
[Result "0-1"]
[WhiteElo "1922"]
[BlackElo "2076"]
[PlyCount "106"]
[EventDate "2010.10.23"]
[EventType "team-tourn"]
[EventRounds "11"]
[EventCountry "SVK"]
[SourceTitle "EXT 2019"]
[Source "ChessBase"]
[SourceDate "2018.10.10"]
[SourceVersion "1"]
[SourceVersionDate "2018.10.10"]
[SourceQuality "1"]
[WhiteTeam "Surany Lokomotiva"]
[BlackTeam "Partizanske SK Neomax"]
[WhiteTeamCountry "SVK"]
[BlackTeamCountry "SVK"]

1. d4 Nf6 2. Nf3 e6 3. c4 Bb4+ 4. Bd2 Qe7 5. a3 Bxd2+ 6. Nbxd2 d6 7. e3 0-0 8. g3 e5 9. dxe5 dxe5 10. Bg2 Nc6 11. 0-0 Bf5 12. Qb3 Rab8 13. Nh4 Bd7 14. Qc2 Rfe8 15. Ne4 Nxe4 16. Bxe4 g6 17. Rad1 Bh3 18. Bxc6 bxc6 19. Ng2 Qf6 20. f3 e4 21. Rf2 Bxg2 22. Kxg2 exf3+ 23. Rxf3 Qxb2 24. Qxb2 Rxb2+ 25. Kh3 Re7 26. Rd8+ Kg7 27. Ra8 Rc2 28. Rxa7 Rxc4 29. a4 Rc3 30. a5 Ra3 31. a6 c5 32. Ra8 c6 33. Kg2 c4 34. Rf4 Ra4 35. a7 Raxa7 36. Rxa7 Rxa7 37. Rxc4 Rc7 38. Kf3 Kf6 39. Rh4 h5 40. Rc4 Ke5 41. e4 c5 42. g4 hxg4+ 43. Kxg4 Kd6 44. Kg5 Kc6 45. Kf6 Kb5 46. Rc1 c4 47. e5 Kc5 48. h4 Kd4 49. e6 fxe6 50. Kxe6 Rc6+ 51. Kf7 c3 52. Rd1+ Ke4 53. Rc1 Kf5 0-1